| 000 | 00930nmm a2200277 a 4500 | ||
|---|---|---|---|
| 001 | ocm0001299555 | ||
| 003 | TR-IsHL | ||
| 005 | 20201028162440.0 | ||
| 008 | 160715s2013 tu tur | ||
| 007 | cr cn | ||
| 020 | _a9786054539253 | ||
| 035 |
_a1299555 _b(N$T) |
||
| 050 | 0 | 4 |
_aLB2353.26 _b.C55 2013 |
| 090 | 0 | 4 |
_aLB2353.26 _b.C55 2013 |
| 100 | 1 | _aÇikvidaş, Sultan | |
| 245 | 1 | 0 |
_aYGS coğrafya soru bankası _h[electronic resource] / _cSultan Çikvidaş ; Yayına hazırlayan Yalın Yayıncılık |
| 260 |
_aİstanbul : _bPalmiye Yayınları, _c2013 |
||
| 300 | _a232 p. | ||
| 650 | 4 | _aEğitim | |
| 650 | 4 | _aEducation | |
| 650 | 0 |
_aÜniversiteye hazırlık _x Coğrafya |
|
| 650 | 0 |
_aUniversity preparation _x Geography |
|
| 650 | 7 |
_aEDUCATION / Higher _2bisacsh |
|
| 700 | 1 | _aYalın Yayıncılık | |
| 856 | 4 | 0 | _uhttp://search.ebscohost.com/login.aspx?direct=true&scope=site&db=e011xww&AN=1299555 |
| 999 |
_c14759 _d14759 |
||